000 00577cam a22002052 4500
001 0000006100
005 20151217155213.0
008 070914s xx 000 0 eng d
020 _a8131706931 :
_cKES 299
040 _aKABU
_cKABU
100 1 _aVelasquez, Manuel G.
_@0000151400
245 1 0 _aBusiness ethics :
_bconcepts and cases.
250 _a 6th ed.
260 _aNew Delhi :
_bPearson Educ,
_c2006.
300 _a447 p.
650 0 _aBusiness ethics.
_@0000149180
908 _a070914
950 _@1
999 _c11970
_d11970